| 000 | 00884nas a2200313 4500 | ||
|---|---|---|---|
| 001 | BR0704266 | ||
| 003 | BR-BrBNA | ||
| 005 | 20231205111101.0 | ||
| 007 | ta | ||
| 008 | 230509b bl.|||p| |||| 00| 00por d | ||
| 040 |
_aBR-BrBNA _bpor _cBiblioteca Nacional de Agricultura |
||
| 041 | _a(Pt) | ||
| 072 | _aF04 | ||
| 100 | 1 | _aMacedo, F.B. | |
| 100 | 1 | _aTeixeira, N.T. | |
| 100 | 1 | _aLima, A. de M. | |
| 100 | 1 | _aBernardes, C.R. | |
| 100 | 1 | _aFreitas, D.J.B. de | |
| 100 | 1 | _aOliveira, R.F. | |
| 245 | 1 | _aBoro no plantio e cálcio e boro em adubação foliar na produção de soja | |
| 650 | _aSOJA | ||
| 650 | _aBORO | ||
| 650 | _aADUBAÇÃO FOLIAR | ||
| 650 | _aCALCIO | ||
| 650 | _aCLOROFILA | ||
| 773 | 0 |
_tEcossistema (Brazil) _xISSN 0100-4107 _g(Jan-Dec 2002), v. 27(1-2) p. 87-88 _wBR0704266 |
|
| 909 |
_a202311 _bLúcia _c55 _dLúcia Elande |
||
| 942 |
_2AGRIS _n0 _cANA |
||
| 999 |
_c190554 _d190554 |
||